Đàm thoại tiếng Anh dành cho người bận rộn
Shranjeno v:
| Format: | Knjiga |
|---|---|
| Izdano: |
Nxb Tp.HCM
2003
|
| Oznake: |
Označite
Brez oznak, prvi označite!
|
| Thư viện lưu trữ: | Mạng thư viện Đại học Đà Nẵng |
|---|
| LEADER | 00780nam a2200241 a 4500 | ||
|---|---|---|---|
| 001 | 000041407 | ||
| 003 | 15795 | ||
| 005 | 20171030155812.0 | ||
| 008 | 171030s2003 | ||
| 020 | |c 28000 | ||
| 040 | |a LNN | ||
| 082 | 0 | |a 428 |b Đa-T | |
| 245 | 0 | 0 | |a Đàm thoại tiếng Anh dành cho người bận rộn |c Lê Huy Lâm biên dịch. |
| 260 | |b Nxb Tp.HCM |c 2003 | ||
| OWN | |a LNN | ||
| AVA | |a UDN50 |b LNN |d 428 Đa-T |e available |t Error 5001 Not defined in file expand_doc_bib_avail. |f 2 |g 0 |h N |i 0 |k 1 | ||
| 999 | |a From the UDN01 | ||
| AVA | |a UDN50 |b LNN |d 428 Đa-T |e available |t Error 5001 Not defined in file expand_doc_bib_avail. |f 2 |g 0 |h N |i 0 |k 1 | ||
| TYP | |a Monograph | ||
| TYP | |a Printed language | ||
| 980 | |a Mạng thư viện Đại học Đà Nẵng | ||